000 00407nam a2200157Ia 4500
008 210210b1993 xxu||||| |||| 00| 0 eng d
020 _a81 7040 652 8
082 _a331 SARL
100 _aSARMA (A M).
245 _aLabour administration in India.
260 _aDelhi
_bHimalaya Publishing House
_c1993
300 _aviii,263
650 _aLabour in India
690 _aLabour Economics
906 _a050956
999 _c99738
_d99738